| 000 | 00365nam a22001457a 4500 | ||
|---|---|---|---|
| 003 | macl | ||
| 005 | 20180807162247.0 | ||
| 008 | 180807b xxu||||| |||| 00| 0 eng d | ||
| 040 | _cmacl | ||
| 100 |
_aPerumal, M C Alasinga _972843 |
||
| 245 | _aAspects of the Vedanta | ||
| 260 |
_aDelhi _bBharatiya Kala Prak _c2009 |
||
| 650 |
_aReligon _937778 |
||
| 942 |
_2ddc _cBK |
||
| 999 |
_c58286 _d58286 |
||